Tekst kolędy "Jezus Malusieńki" - Statystyki

Ogólne statystyki
  • Ten quiz został rozwiązany 159 razy
  • Średni wynik to 5 z 10
Statystyki odpowiedzi
Tekst % Poprawnych
Jezus malusieńki leży {wśród} stajenki
99%
Płacze z zimna nie dała mu matula {sukienki}.
87%
Bo {uboga} była, rąbek z głowy zdjęła,
78%
Nie ma kolebeczki, ani {poduszeczki},
67%
w który Dziecię {owinąwszy}, siankiem go okryła
65%
We żłobie Mu położyła {siana} pod główeczki.
56%
O mój Synu! Wola {Twoja}, nie moja się dzieje.
34%
Gdy Dziecina kwili, {patrzy} w każdej chwili.
14%
Na Dzieciątko {boskie} w żłóbku, oko jej nie myli.
6%
{Panienka} truchleje, a mówiąc łzy leje
6%
Nie znaleziono quizów pasujących do podanych kryteriów
Rozkład punktacji
Procent ludzi z każdym wynikiem
Percentyl według liczby udzielonych odpowiedzi
Twoja historia wyników
Nie rozwiązałeś tego quizu